000
00315nam a2200145Ia 4500
100
_a
Rogers/Rick/ Lombardo/J
942
_c
BK
366
_f
20
245
_a
Android application development
260
_b
Shroff Publ.
_c
2010
082
_a
5.3
_b
ROG
300
_a
318
546
_a
ENGLISH
_c
Computers
999
_c
28222
_d
28222